| Поле | Инд. | ПП | Название | Значение |
|---|---|---|---|---|
| Тип записи | a | |||
| Библиографический уровень | b | |||
| 001 | Контрольный номер | RU/IS/BASE/441133007 | ||
| 005 | Дата корректировки | 20200522191631.8 | ||
| 008 | Кодируемые данные | 20131223 | ||
| 040 | b | Код языка каталог. | rus | |
| e | Правила каталог. | PSBO | ||
| 041 | 0_ | a | Код языка текста | rus |
| 084 | a | Индекс другой классификации/Индекс ББК | 65.291.592 | |
| 100 | 1_ | a | Автор | Прокофьева Т. |
| 100 | 1_ | a | Автор | Покараева Н. |
| 245 | 10 | a | Заглавие | Логистический аутсорсинг и основные направления развития комплексного логистического бизнеса в России |
| 504 | a | Библиография | Библиогр. | |
| 520 | a | Аннотация | Статья посвящена мировым тенденциям развития рынка логистических услуг и проблем формирования комплексного логистического бизнеса в России. | |
| 650 | 14 | a | Основная рубрика | логистика |
| a | Основная рубрика | экономика | ||
| a | Основная рубрика | экономика предприятия | ||
| 653 | 1_ | a | Ключевые слова | аутсорсинг |
| a | Ключевые слова | конкурентоспособность предприятия | ||
| a | Ключевые слова | логистическая система | ||
| a | Ключевые слова | логистические риски | ||
| a | Ключевые слова | логистические цепи | ||
| a | Ключевые слова | логистический аутсорсинг | ||
| a | Ключевые слова | логистический менеджмент | ||
| a | Ключевые слова | менеджмент (управление предприятием) | ||
| a | Ключевые слова | стратегическое управление | ||
| a | Ключевые слова | управление цепями поставок | ||
| a | Ключевые слова | цепи поставок | ||
| 773 | 08 | t | Заглавие источника | РИСК: ресурсы, информация, снабжение, конкуренция |
| d | Дата издания источника | 2012 | ||
| g | Прочая информация | № 3. - С. 22 - 28 : табл., схем., диагр., рис. | ||
| w | Контрольный № источника | RU/IS/BASE/407439363 | ||
| 901 | t | Тип документа | b |